000 01498cam a2200313 a 4500
001 15076732
005 20081215072419.0
008 071109s2008 okua b 001 0 eng
010 _a2007046605
020 _a9781593700171
020 _a1593700172
035 _a(OCoLC)ocn181517093
035 _a(OCoLC)181517093
_z(OCoLC)181068526
040 _aDLC
_cDLC
_dBAKER
_dYDXCP
_dBTCTA
_dC#P
_dDLC
050 0 0 _aTN880
_b.K45 2008
082 0 0 _a665.7
_222
_bKEL
100 1 _aKelkar, Mohan.
_94117
245 1 0 _aNatural Gas Production Engineering /
_cMohan Kelkar.
260 _aTulsa, Okla. :
_bPennWell,
_cc2008.
300 _axi, 571 p. :
_bill. ;
_c24 cm.
504 _aIncludes bibliographical references and index.
650 0 _aNatural gas.
_94118
856 4 2 _3Contributor biographical information
_uhttp://www.loc.gov/catdir/enhancements/fy0901/2007046605-b.html
856 4 2 _3Publisher description
_uhttp://www.loc.gov/catdir/enhancements/fy0901/2007046605-d.html
856 4 1 _3Table of contents only
_uhttp://www.loc.gov/catdir/enhancements/fy0901/2007046605-t.html
942 _2ddc
_cBB
999 _c11395
_d11395